000 00662cam a2200217 4500500
005 20260405002533.0
041 _afre
042 _adc
100 1 0 _aEnjalbert, Cédric
_eauthor
245 0 0 _a“Les Particules élémentaires”: utopies positives
260 _c2017.
500 _a33
690 _aAuguste Comte
690 _aJulien Gosselin
690 _aMétaphysique
690 _aMichel Houellebecq
690 _aOdéon
690 _aThéâtre
786 0 _nPhilosophie magazine | 112 | 9 | 2017-09-01 | p. 60-60 | 1951-1787
856 4 1 _uhttps://shs.cairn.info/magazine-philosophie-magazine-2017-9-page-60?lang=fr&redirect-ssocas=7080
999 _c2058636
_d2058636